000 00451nam a2200181Ia 4500
008 100920s9999 xx 000 0 und d
082 _b35358
_a6 0
100 _aWAUGH EVELYN.
245 _aTHE LOVED ONE.
260 _bCHAPMAN AND HALL , LONDON.
_c0
300 _a144
_bसाधी
365 _b0
520 _aई.एल. एफ.
630 _aTHE LOVED ONE.
650 _aई.एल. एफ.
730 _aTHE LOVED ONE.
942 _cBOOK
999 _c689316
_d689313